[Event "Ruhrgebiet Verbandsklasse Gruppe 3 1516"]
[Site "Germany"]
[Date "2015.12.20"]
[Round "5.5"]
[White "Weier, Daniel"]
[Black "Ewers, Christian"]
[Result "1-0"]
[WhiteElo "1926"]
[BlackElo "1698"]
[PlyCount "53"]
[EventDate "2015.09.06"]
[EventType "team-tourn"]
[EventRounds "9"]
[EventCountry "GER"]
[SourceTitle "EXT 2022"]
[Source "ChessBase"]
[SourceDate "2021.10.06"]
[SourceVersion "1"]
[SourceVersionDate "2021.10.06"]
[SourceQuality "1"]
[WhiteTeam "Annen Sport Union"]
[BlackTeam "Mengede SG"]
[WhiteTeamCountry "GER"]
[BlackTeamCountry "GER"]

1. d4 Nf6 2. Nf3 g6 3. c4 d6 4. Nc3 Bg7 5. e4 0-0 6. Be2 e5 7. d5 h6 8. h3 Nbd7 9. Be3 Ne8 10. Qd2 Kh7 11. g4 a5 12. 0-0-0 Nc5 13. Rdg1 f5 14. gxf5 gxf5 15. Rxg7+ Nxg7 16. Bxh6 f4 17. Bxg7 Kxg7 18. Rg1+ Kf7 19. Ng5+ Ke7 20. Bh5 Rg8 21. Qd1 Rf8 22. Nf7 Rxf7 23. Bxf7 Qf8 24. Qh5 Qxf7 25. Qh6 Qf8 26. Rg7+ Kd8 27. Qg5+ 1-0

[Event "Karl Mala Memorial op 10th"]
[Site "Griesheim"]
[Date "2006.07.23"]
[Round "7"]
[White "Nikfar, Surag"]
[Black "Weier, Daniel"]
[Result "1-0"]
[WhiteElo "2083"]
[BlackElo "1863"]
[PlyCount "35"]
[EventDate "2006.07.20"]
[EventType "swiss"]
[EventRounds "7"]
[EventCountry "GER"]
[SourceTitle "CBM 113 Extra"]
[Source "ChessBase"]
[SourceDate "2006.09.14"]
[SourceVersion "1"]
[SourceVersionDate "2006.09.14"]
[SourceQuality "1"]

1. e4 c5 2. Nf3 d6 3. Bc4 Nf6 4. Nc3 Nc6 5. d4 cxd4 6. Nxd4 g6 7. Be3 Bg7 8. Qd2 0-0 9. f3 a6 10. h4 Ne5 11. Be2 b5 12. Bh6 Qb6 13. Bxg7 Kxg7 14. h5 Nxh5 15. g4 Nf6 16. Qh6+ Kg8 17. Nd5 Qa5+ 18. b4 1-0

[Event "Ruhrgebiet VK3 0405"]
[Site "Ruhrgebiet"]
[Date "2005.02.20"]
[Round "7.3"]
[White "Schefczik, Rainer"]
[Black "Weier, Daniel"]
[Result "1/2-1/2"]
[WhiteElo "1922"]
[BlackElo "1803"]
[PlyCount "42"]
[EventDate "2004.09.12"]
[EventType "team"]
[EventRounds "9"]
[EventCountry "GER"]
[SourceTitle "EXT 2006"]
[Source "ChessBase"]
[SourceDate "2005.11.24"]
[SourceVersion "1"]
[SourceVersionDate "2005.11.24"]
[SourceQuality "1"]
[WhiteTeam "Bottrop"]
[BlackTeam "Witten"]
[WhiteTeamCountry "GER"]
[BlackTeamCountry "GER"]

1. d4 d5 2. Nf3 Nf6 3. e3 e6 4. c4 b6 5. cxd5 exd5 6. Nc3 Bb7 7. Qa4+ Nbd7 8. Ne5 a6 9. Nxd7 Qxd7 10. Qxd7+ Nxd7 11. Be2 Bd6 12. 0-0 0-0 13. Bf3 Nf6 14. Bd2 Rac8 15. Rfd1 Ne4 16. Nxe4 dxe4 17. Be2 c5 18. dxc5 Bxc5 19. Rac1 Be7 20. Rxc8 Rxc8 21. Bc3 Rd8 1/2-1/2